| 000 | 01388cam a22002054a 4500 | ||
|---|---|---|---|
| 005 | 20250605164242.0 | ||
| 008 | 250528s ||||||||||||||||||||||||d | ||
| 035 | _a21357 | ||
| 020 | _a9789606863417 | ||
| 040 |
_aGR-AtMCL _bgre _dGR-AtMCL _eAACR2 |
||
| 245 | 1 | _aΤριάντα Χρόνια Επαγγελματικό Ποδόσφαιρο / Πρόσωπα, Σφάλματα, Ιδέες: Ποιοι το Ανέδειξαν, Ποιοι το Βύθισαν, Ποιοι το Εκμεταλλεύτηκαν | |
| 260 |
_bΤόπος, _c2009 |
||
| 300 | _a192 | ||
| 505 | 0 | _aΠρόλογος, Παναθηναίκος, Απόλλων και Εθνικός και Ιωνικός, ΑΕΚ και Λεβαδειακός, Πανιώνιος, Καλαμάτα και Αιγάλεω και Προοδευτική, ΠΑΟΚ και Άρης και Ηρακλής, ΟΦΗ και Εργοτέλης και Λάρισα, ΕΠΑΕ. | |
| 520 | _aΠρόλογος, Παναθηναίκος, Απόλλων και Εθνικός και Ιωνικός, ΑΕΚ και Λεβαδειακός, Πανιώνιος, Καλαμάτα και Αιγάλεω και Προοδευτική, ΠΑΟΚ και Άρης και Ηρακλής, ΟΦΗ και Εργοτέλης και Λάρισα, ΕΠΑΕ. | ||
| 700 | 1 |
_aΑρκουλής Γιώργος _97412 |
|
| 942 | _cBK | ||
| 999 |
_c6422 _d6422 |
||